|
|
|
|
| LEADER |
00000nam0a2200000 4500 |
| 001 |
332330 |
| 005 |
20231102004439.0 |
| 035 |
|
|
|a (RuTPU)RU\TPU\book\358247
|
| 090 |
|
|
|a 332330
|
| 100 |
|
|
|a 20170519d1966 km y0rusy50 ca
|
| 101 |
0 |
|
|a rus
|
| 102 |
|
|
|a RU
|
| 105 |
|
|
|a a z 001zy
|
| 200 |
1 |
|
|a Магнитографический контроль сварных соединений
|f А. С. Фалькевич, М. Х. Хусанов
|
| 210 |
|
|
|a Москва
|c Машиностроение
|d 1966
|
| 215 |
|
|
|a 176 с.
|c ил.
|
| 320 |
|
|
|a Библиогр.: с. 174-175
|
| 606 |
1 |
|
|a Сварные соединения и швы
|x Дефектоскопия магнитная
|2 stltpush
|3 (RuTPU)RU\TPU\subj\53992
|9 72155
|
| 610 |
1 |
|
|a магнитографический контроль
|
| 610 |
1 |
|
|a намагничивание
|
| 610 |
1 |
|
|a поля дефектов
|
| 610 |
1 |
|
|a магнитоносители
|
| 610 |
1 |
|
|a магнитные записи
|
| 610 |
1 |
|
|a дефектоскопы
|
| 610 |
1 |
|
|a методика
|
| 610 |
1 |
|
|a поточное производство
|
| 675 |
|
|
|a 621.791.05
|v 4
|
| 700 |
|
1 |
|a Фалькевич
|b А. С.
|g Александр Семенович
|
| 701 |
|
1 |
|a Хусанов
|b М. Х.
|g Мухамед Хамидулович
|
| 801 |
|
1 |
|a RU
|b 63413507
|c 20170519
|
| 801 |
|
2 |
|a RU
|b 63413507
|c 20170522
|g RCR
|
| 942 |
|
|
|c BK
|